Novela zákona o miestnych daniach
Komentár k jednotlivým novelizovaným ustanoveniam zákona č. 582/2004 Z.z. o miestnych daniach a miestnom poplatku za komunálne odpady a drobné stavebné odpady. Novela zákona nadobúda účinnosť od 1. decembra 2005.
Guardado en:
| Autor principal: | |
|---|---|
| Formato: | Capítulo de libro |
| Lenguaje: | eslovaco |
| Materias: | |
| Etiquetas: |
Sin Etiquetas, Sea el primero en etiquetar este registro!
|
MARC
| LEADER | 00000naa$a2200000$$$4500 | ||
|---|---|---|---|
| 001 | 0036803 | ||
| 005 | 20231114090241.3 | ||
| 041 | 0 | |a slo | |
| 044 | |a SK | ||
| 245 | 1 | 0 | |a Novela zákona o miestnych daniach |c Radka Hečková |
| 520 | |a Komentár k jednotlivým novelizovaným ustanoveniam zákona č. 582/2004 Z.z. o miestnych daniach a miestnom poplatku za komunálne odpady a drobné stavebné odpady. Novela zákona nadobúda účinnosť od 1. decembra 2005. | ||
| 610 | 2 | 0 | |a komentáre |
| 610 | 2 | 0 | |a novelizácia |
| 610 | 2 | 0 | |a zákony |
| 610 | 2 | 0 | |a dane miestne |
| 610 | 2 | 0 | |a poplatky miestne |
| 610 | 2 | 0 | |a odpad komunálny |
| 610 | 2 | 0 | |a 2004-2005 |
| 100 | 1 | |a Hečková, Radka | |